Contract formation : (Record no. 123696)

MARC details
000 -LEADER
fixed length control field 00899cam a2200277 a 4500
001 - CONTROL NUMBER
control field vtls003218638
003 - CONTROL NUMBER IDENTIFIER
control field MY-SjTCS
005 - DATE AND TIME OF LATEST TRANSACTION
control field 20200226113911.0
008 - FIXED-LENGTH DATA ELEMENTS--GENERAL INFORMATION
fixed length control field 110618s2010 enk b 001 0 eng
020 ## - INTERNATIONAL STANDARD BOOK NUMBER
International Standard Book Number 9780199284245 (hbk.)
020 ## - INTERNATIONAL STANDARD BOOK NUMBER
International Standard Book Number 0199284245 (hbk.)
039 #9 - LEVEL OF BIBLIOGRAPHIC CONTROL AND CODING DETAIL [OBSOLETE]
Level of rules in bibliographic description 201108011556
Level of effort used to assign nonsubject heading access points wilmina
-- 201106180916
-- pushpa
082 04 - DEWEY DECIMAL CLASSIFICATION NUMBER
Classification number 346.42022
Item number FUR 2010
100 1# - MAIN ENTRY--PERSONAL NAME
Personal name Furmston, M. P.
9 (RLIN) 7236
245 10 - TITLE STATEMENT
Title Contract formation :
Remainder of title law and practice /
Statement of responsibility, etc. Michael Furmston, G.J. Tolhurst ; contributor, Eliza Mik.
260 ## - PUBLICATION, DISTRIBUTION, ETC.
Place of publication, distribution, etc. Oxford :
Name of publisher, distributor, etc. Oxford University Press,
Date of publication, distribution, etc. c2010.
300 ## - PHYSICAL DESCRIPTION
Extent liii, 421 p. ;
Dimensions 26 cm.
500 ## - GENERAL NOTE
General note Includes index.
650 #0 - SUBJECT ADDED ENTRY--TOPICAL TERM
Topical term or geographic name entry element Contracts.
650 #0 - SUBJECT ADDED ENTRY--TOPICAL TERM
Topical term or geographic name entry element Offer and acceptance.
9 (RLIN) 52926
650 #0 - SUBJECT ADDED ENTRY--TOPICAL TERM
Topical term or geographic name entry element Declaration of intention.
9 (RLIN) 43187
650 #0 - SUBJECT ADDED ENTRY--TOPICAL TERM
Topical term or geographic name entry element Culpa in contrahendo.
700 1# - ADDED ENTRY--PERSONAL NAME
Personal name Tolhurst, Greg.
9 (RLIN) 33920
700 1# - ADDED ENTRY--PERSONAL NAME
Personal name Mik, Eliza.
9 (RLIN) 52927
920 ## - Programme
Programme LAW : 166077
Holdings
Withdrawn status Lost status Source of classification or shelving scheme Damaged status Not for loan Home library Current library Date acquired Total Checkouts Barcode Date last seen Date last checked out Copy number Uniform Resource Identifier Koha item type Public note
    Dewey Decimal Classification     Taylor's Library-TU Taylor's Library-TU 04/07/2011 27 5000117277 19/05/2022 11/05/2022 1 Floor 3, Shelf 8 , Side 2, TierNo 2, BayNo 7 Main Collection LAWxx,17002,03,GR